Rock and Metal band by passed member - Statistics

General Stats
  • This quiz has been taken 49 times
  • The average score is 11 of 15
Answer Stats
Band Member Band % Correct
Ozzy Osbourne Black Sabbath
100%
Eddie Van Halen Van Halen
100%
Chester Bennington Linkin Park
98%
John Lennon / George Harrison The Beatles
98%
Malcom Young / Bon Scott AC/DC
86%
John Bonham Led Zeppelin
79%
Jim Morrison The Doors
79%
Chris Cornell Soundgarden
74%
Keith Moon The Who
72%
Syd Barett Pink Floyd
63%
Brian Jones The Rolling stones
63%
Cliff Burton Metallica
60%
Layne Staley Alice in Chains
58%
Dimebag Darrell Pantera
58%
Jack Sonni Dire Straits
5%
No matching quizzes found
Score Distribution
Percent of People with Each Score
Percentile by Number Answered
Your Score History
You have not taken this quiz